The reflective practitioner. How proffesionals think in action.
Saved in:
| Hovedforfatter: | |
|---|---|
| Format: | Ukendt |
| Udgivet: |
New York, USA:
Basic Books,
1983.
|
| Fag: | |
| Tags: |
Tilføj Tag
Ingen Tags, Vær først til at tagge denne postø!
|
MARC
| LEADER | 00000 a2200000 4500 | ||
|---|---|---|---|
| 003 | CL-VaPUC | ||
| 005 | 20241126163022.0 | ||
| 008 | 241114t2013 ||||| |||| 00| 0 eng d | ||
| 999 | |c 445032 |d 445030 | ||
| 020 | |a 9780465068784 | ||
| 040 | |c Pontificia Universidad Católica de Valparaíso | ||
| 082 | 7 | |2 22 |a 153.4 SCH 1993 | |
| 100 | |a Schön, Donald A |9 591337 |e author | ||
| 245 | 1 | 4 | |a The reflective practitioner. |b How proffesionals think in action. |
| 260 | |a New York, USA: |b Basic Books, |c 1983. | ||
| 300 | |a x, 374 págnas. | ||
| 583 | |k GC |c 20241114 | ||
| 650 | |a Profesiones |9 308231 | ||
| 650 | |a Teoría del autoconocimiento |9 893801 | ||
| 942 | |2 ddc |c BK | ||
| 952 | |0 0 |1 0 |2 ddc |4 0 |6 153_400000000000000_SCH_1993 |7 0 |8 A |9 598008 |a BIBARQ |b BIBARQ |d 2024-11-14 |e 3 |g 32333.58 |i 5663276 |l 1 |o 153.4 SCH 1993 |p 5663276 |r 2025-01-09 |s 2025-01-09 |t 1 |v 32333.58 |w 2024-11-14 |y BK |k MAD | ||